La logica de las ciencias sociales segun Karl R. Popper / (Registro nro. 17544)

Detalles MARC
000 -LEADER
fixed length control field 01065nam a2200277 4500
001 - CONTROL NUMBER
control field 0000017869
003 - CONTROL NUMBER IDENTIFIER
control field CO-CtgCURN
005 - DATE AND TIME OF LATEST TRANSACTION
control field 20250331184352.0
008 - FIXED-LENGTH DATA ELEMENTS--GENERAL INFORMATION
fixed length control field 160627s2004 000 0 eng d
020 ## - INTERNATIONAL STANDARD BOOK NUMBER
International Standard Book Number 9588200385
040 ## - CATALOGING SOURCE
Original cataloging agency CO-CtgCURN
Language of cataloging spa
Transcribing agency coctgcurn
082 0# - DEWEY DECIMAL CLASSIFICATION NUMBER
Classification number 300.1
Item number B87L
100 1# - MAIN ENTRY--PERSONAL NAME
Personal name Burgos, Campo Elias.
245 13 - TITLE STATEMENT
Title La logica de las ciencias sociales segun Karl R. Popper /
Statement of responsibility, etc. Campo Elias Burgos.
260 ## - PUBLICATION, DISTRIBUTION, ETC.
Place of publication, distribution, etc. Bogotá :
Name of publisher, distributor, etc. Universidad Sergio Arboleda. Escuela de Filosofia y Humanidades,
Date of publication, distribution, etc. 2004.
300 ## - PHYSICAL DESCRIPTION
Extent 211 p.
336 ## - CONTENT TYPE
Source rdacontent
337 ## - MEDIA TYPE
Source rdamedia
Media type term sin mediacion
Media type code n
338 ## - CARRIER TYPE
Source rdacarrier
Carrier type term volumen
Carrier type code nc
504 ## - BIBLIOGRAPHY, ETC. NOTE
Bibliography, etc. note Bibliografia (p. 207-211)
505 8# - FORMATTED CONTENTS NOTE
Formatted contents note Planteamiento epistemologico.--Teoria socio-política e historia.--Epistemoloia de las ciencias sociales.--Aproximaciones criticas y conclusiones
650 #0 - SUBJECT ADDED ENTRY--TOPICAL TERM
Topical term or geographic name entry element Popper, Karl Raimund
General subdivision Critica e Interpretacion
Chronological subdivision 1902-1994.
908 ## - PUT COMMAND PARAMETER (RLIN)
Put command parameter 160627
942 ## - ADDED ENTRY ELEMENTS (KOHA)
Koha item type Libros
Classification part 300.1
Item part B87L
Source of classification or shelving scheme Dewey Decimal Classification
999 ## - SYSTEM CONTROL NUMBERS (KOHA)
-- 1
Existencias
Withdrawn status Lost status Source of classification or shelving scheme Damaged status Not for loan Home library Current library Shelving location Date acquired Inventory number Total checkouts Full call number Barcode Date last seen Price effective from Koha item type Public note
    Dewey Decimal Classification     Miguel Henríquez Castañeda Miguel Henríquez Castañeda General 03/04/2019 002449   300.1 B87 L 002449 03/04/2019 03/04/2019 Libros 300-CIENSO